| 000 | 01244cam a2200253 4500 | ||
|---|---|---|---|
| 001 | ABS66440 | ||
| 008 | 030218n2003 000 0 eng u | ||
| 035 | _a(Sirsi) u121362 | ||
| 100 | _aBrown, T. | ||
| 245 | _aTreading the Delft Path | ||
| 260 | _c2003 | ||
| 490 |
_aInside Housing _v17 January 2003, 20(1) |
||
| 520 | _aEvaluates the successful application of the Delft model of choice-based lettings schemes in Britain, focusing on Harborough Home Search. The Harborough scheme is integrated with broader policy initiatives, has its own website, has links with other projects including a potential sub-regional lettings scheme and undergoes monitoring and evaluation by De Montfort University. The basic Delft principles of customer initiative, transparent selection criteria, high-quality communications, support for vulnerable groups and comprehensive market, property and neighbourhood information have transferred positively in Harborough. | ||
| 590 | _aABS | ||
| 650 | _aDELFT MODEL | ||
| 650 | _aCHOICE-BASED LETTINGS SYSTEMS | ||
| 650 | _aNETHERLANDS | ||
| 650 | _aHOUSING ALLOCATION | ||
| 650 | _aHARBOROUGH | ||
| 650 | _aSOCIAL HOUSING | ||
| 690 |
_aAffordable housing _96215 |
||
| 700 | _aYates, N. | ||
| 942 | _n0 | ||
| 999 |
_c72121 _d72121 |
||